01365cam a2200361Ia 450000100090000000300090000900500170001800800410003502000150007604000380009108200250012910000290015424500680018326000110025126400510026230000280031344000750034150000560041650400690047250503270054152600100086852600100087852600100088852600100089852600080090852600080091652600080092452600080093252600080094052600080094852600080095663000390096435861760PE-LiUPU20250731173603.0961107s1996 enk b 001 0 eng d a1850756368 aDWTcPE-LiUPUdPE-LiUPUbspaerda 223a227.97066bL259t1 aLandon, Charles.eautor.12aA text-critical study of the Epistle of Jude /cCharles Landon. cc1996. aSheffield :bSheffield Academic Press,cc1996. a172 páginas ;c24 cm. 0aJournal for the study of the New Testament.pSupplement series ;v135. a"Appendix C: The Greek text of Jude": p. [149]-150. aIncluye referencias bibliográficas (p. [151]-165) e índices. aINTRODUCTION -- Research aims -- Preamble -- Defining and substantiating an eclectic approach -- Practising and eclectic approach -- mThe apparatus for Jude -- Decimal headings -- DISCUSSION OF VARIANTS -- CONCLUSION -- Eclecticism an internal evidence -- The greek text of Jude in the greek new testament, fourth edition. aSEG42 aSEG41 aSEG40 aSEG39 aP94 aP87 aP86 aP85 aP77 aP76 aP3514aBiblia.pJudasxCrítica textual.